<?xml version="1.0" encoding="UTF-8"?>
<record
    xmlns:xsi="http://www.w3.org/2001/XMLSchema-instance"
    xsi:schemaLocation="http://www.loc.gov/MARC21/slim http://www.loc.gov/standards/marcxml/schema/MARC21slim.xsd"
    xmlns="http://www.loc.gov/MARC21/slim">

  <leader>01395nam a2200289   4500</leader>
  <controlfield tag="001">ESSALUD</controlfield>
  <controlfield tag="005">20260703101056.0</controlfield>
  <controlfield tag="007">ta</controlfield>
  <controlfield tag="008">      t        pe ||||| |||| 00| 0 spa d</controlfield>
  <datafield tag="040" ind1=" " ind2=" ">
    <subfield code="a">BMG</subfield>
  </datafield>
  <datafield tag="041" ind1=" " ind2=" ">
    <subfield code="a">spa</subfield>
  </datafield>
  <datafield tag="100" ind1=" " ind2=" ">
    <subfield code="a">Tarazana Pineda, Manolo Narciso </subfield>
    <subfield code="e">Autor</subfield>
    <subfield code="9">53135</subfield>
  </datafield>
  <datafield tag="245" ind1=" " ind2=" ">
    <subfield code="a">C&#xF3;mputo del plazo m&#xE1;ximo de contrataci&#xF3;n.</subfield>
    <subfield code="b">Modalidad de incremento de actividad</subfield>
  </datafield>
  <datafield tag="300" ind1=" " ind2=" ">
    <subfield code="a">p&#xE1;ginas 203-206</subfield>
  </datafield>
  <datafield tag="500" ind1=" " ind2=" ">
    <subfield code="a">An&#xE1;lisis de casos</subfield>
  </datafield>
  <datafield tag="520" ind1=" " ind2=" ">
    <subfield code="a">La contrataci&#xF3;n laboral sujeta a modalidad constituye una excepci&#xF3;n al principio
general de la contrataci&#xF3;n a plazo indeterminado, raz&#xF3;n por la cual su aplicaci&#xF3;n
exige una interpretaci&#xF3;n estricta y un cumplimiento riguroso de los l&#xED;mites legales
establecidos. Entre dichos l&#xED;mites, reviste especial relevancia el correcto c&#xF3;mputo
del plazo m&#xE1;ximo de duraci&#xF3;n previsto para cada modalidad contractual, en particular
para el contrato por incremento de actividad.
</subfield>
  </datafield>
  <datafield tag="650" ind1=" " ind2=" ">
    <subfield code="a">SECTOR P&#xDA;BLICO </subfield>
    <subfield code="9">1012</subfield>
  </datafield>
  <datafield tag="650" ind1=" " ind2=" ">
    <subfield code="a">PRESUPUESTO</subfield>
  </datafield>
  <datafield tag="650" ind1=" " ind2=" ">
    <subfield code="a">INGRESOS</subfield>
    <subfield code="9">53219</subfield>
  </datafield>
  <datafield tag="650" ind1=" " ind2=" ">
    <subfield code="a">PLANILLA </subfield>
    <subfield code="9">53220</subfield>
  </datafield>
  <datafield tag="650" ind1=" " ind2=" ">
    <subfield code="a">BONIFICACIONES</subfield>
    <subfield code="9">53221</subfield>
  </datafield>
  <datafield tag="650" ind1=" " ind2=" ">
    <subfield code="a">SERVIDORES</subfield>
    <subfield code="9">53222</subfield>
  </datafield>
  <datafield tag="650" ind1=" " ind2=" ">
    <subfield code="a">FUNCIONARIOS</subfield>
    <subfield code="9">53223</subfield>
  </datafield>
  <datafield tag="650" ind1=" " ind2=" ">
    <subfield code="a">CONTRATACI&#xD3;N</subfield>
  </datafield>
  <datafield tag="773" ind1="0" ind2=" ">
    <subfield code="0">22614</subfield>
    <subfield code="9">22623</subfield>
    <subfield code="d">Lima Grupo Praxis Formaci&#xF3;n Profesional, 2026-</subfield>
    <subfield code="o">PRALAB001</subfield>
    <subfield code="t">Praxis Laboral &amp; Procesal Laboral</subfield>
    <subfield code="w">ESSALUD</subfield>
    <subfield code="x">3119-768X</subfield>
  </datafield>
  <datafield tag="942" ind1=" " ind2=" ">
    <subfield code="c">ARTICULOS</subfield>
    <subfield code="e">2026-07-02</subfield>
    <subfield code="z">SQB</subfield>
  </datafield>
  <datafield tag="999" ind1=" " ind2=" ">
    <subfield code="c">22630</subfield>
    <subfield code="d">22630</subfield>
  </datafield>
</record>
